Led Zeppelin Biggest Hits - Statistics

General Stats
  • This quiz has been taken 71 times
  • The average score is 17 of 30
Answer Stats
Released Song % Correct
1971 Stairway to Heaven
95%
1971 Black Dog
94%
1969 Whole Lotta Love
83%
1970 Immigrant Song
81%
1975 Kashmir
78%
1969 Dazed and Confused
73%
1971 When the Levee Breaks
73%
1969 Good Times Bad Times
70%
1971 Rock and Roll
66%
1971 Going to California
64%
1969 Communication Breakdown
63%
1969 Ramble On
61%
1969 Heartbreaker
58%
1973 No Quarter
55%
1971 The Battle of Evermore
53%
1976 Achilles Last Stand
52%
1969 Babe I'm Gonna Leave You
52%
1973 Over the Hills and Far Away
52%
1979 All My Love
50%
1970 Since I've Been Loving You
47%
1970 Tangerine
45%
1979 Fool in the Rain
44%
1973 The Rain Song
44%
1969 How Many More Times
39%
1969 What Is and What Should Never Be
39%
1975 In My Time of Dying
38%
1975 The Rover
38%
1975 Ten Years Gone
36%
1975 In the Light
28%
1982 Hey, Hey, What Can I Do
20%
No matching quizzes found
Score Distribution
Percent of People with Each Score
Percentile by Number Answered
Your Score History
You have not taken this quiz